| 000 | 01638cam a2200385 a 4500 | ||
|---|---|---|---|
| 001 | 3517295 | ||
| 003 | ARRUPE | ||
| 005 | 20240124131508.0 | ||
| 008 | 950912r19861912enk b 000 0 eng | ||
| 010 | _a 95202136 | ||
| 020 | _a0460871269 | ||
| 040 |
_aDLC _cDLC |
||
| 041 | 1 |
_aeng _hfrelat |
|
| 050 | 0 | 0 |
_aB1837 _b.V4 1986 |
| 082 | 0 | 0 |
_a194 _220 |
| 100 | 1 |
_aDescartes, René, _d1596-1650. _94894 |
|
| 240 | 1 | 0 |
_aWorks. _kSelections. _lEnglish. _f1986 |
| 245 | 1 | 2 |
_aA discourse on method ; _bMeditations on the first philosophy ; Principles of philosophy / _cDescartes ; translated by John Veitch ; introduction by Tom Sorell. |
| 246 | 3 | _aDiscourse on method ; Meditations on the first philosophy ; Principles of philosophy | |
| 260 |
_aLondon : _bDent ; _aRutland, Vt. : _bTuttle, _c1986 _g(1992 printing) |
||
| 300 |
_axxvi, 254 p. ; _c20 cm. |
||
| 440 | 0 |
_aEveryman's library _96984 |
|
| 500 | _aOriginally published: 1912. With new introduction. | ||
| 500 | _aTranslated from the French. | ||
| 504 | _aIncludes bibliographical references: (p. xxiii-xxiv). | ||
| 650 | 0 |
_aPhilosophy _xEarly works to 1800. _917056 |
|
| 700 | 1 |
_aVeitch, John, _d1829-1894. _952360 |
|
| 700 | 1 | 2 |
_aDescartes, René, _d1596-1650. _tMeditationes de prima philosophia. _lEnglish. _952361 |
| 700 | 1 | 2 |
_aDescartes, René, _d1596-1650. _tPrincipia philosophiae. _lEnglish. _952362 |
| 740 | 0 | 2 | _aMeditations on the first philosophy. |
| 740 | 0 | 2 | _aPrinciples of philosophy. |
| 906 |
_a7 _bcbc _corignew _d3 _encip _f19 _gy-gencatlg |
||
| 942 |
_2lcc _cMONOGRAPH |
||
| 999 |
_c131760 _d131760 |
||